• 首页
  • 本馆介绍
  • 公告通知
  • 最新文献
  • 馆藏检索
  • 电子资源
  • 读者导购
  • 参考咨询
  • 我的图书馆
  • 登录
  • 详细信息显示
  • 放入我的书架
  • 预约/预借图书
  • 作者相关作品
  • 分类相关作品
  • 丛书相关作品
  • 出版社相关作品

书目信息

  • 表格格式
  • 工作单格式
  • 卡片格式
题名:
吴昌硕石鼓文墨迹
    
 
作者: 吴昌硕 书 ;上海书画出版社 编辑
分册:  
出版信息: 北京   编者  1979
页数: 43页
开本: 38cm
丛书名: 历代法书萃英
单 册:
中图分类: J292.31
科图分类:
主题词:
电子资源:
ISBN:
000 00739nam0 2200253 45
001 0179007564
005 20060803092803.48
010    @dCNY2.00
091    @aCN@b7172.108
100    @a19950724d1979 em y0chiy0121 ea
101 0  @achi
102    @aCN@b110000
105    @ay z 000yy
200 10 @a吴昌硕石鼓文墨迹@Awu chang shuo shi gu wen mo ji@f吴昌硕书@g上海书画出版社编辑
210    @a北京@c编者@d1979
215    @a43页@d38cm
225 2  @a历代法书萃英
314    @a吴昌硕(1844-1927),近代书画篆刻家
410  0 @120010@a历代法书萃英
690    @aJ292.31@v3
701  0 @a吴昌硕@Awu chang shuo@4书
712 02 @a上海书画出版社@Ashang hai shu hua ban nan she@4编辑
801  0 @aCN@bTSSF@c20060803
905    @a10447@dJ292.31@e358
    
    吴昌硕石鼓文墨迹/吴昌硕书/上海书画出版社编辑.-北京:编者,1979
    43页;38cm.-(历代法书萃英)
    
    
    ISBN :CNY2.00
    
●
相关链接 在E读中查询图书 在五车中查询图书 在当当中查询图书 在豆瓣中查询图书


正题名:吴昌硕石鼓文墨迹     索取号:J292.31/358         预约/预借

序号 登录号 条形码 馆藏地/架位号 状态 备注
1 0444382   204443824   密集书库/ [索取号:J292.31/358] 在馆    
唐山师范学院图书馆 欢迎您!
大连网信软件有限公司© 版权所有